000 00642nam a2200205 a 4500
005 20140310183316.0
008 051123s19uu xx 00 eng d
020 _a0803603630
050 _aRT 48.5
_b.W385 1999
100 _aCavanaugh, Bonita Morrow
245 _aNurse's manual of laboratory and diagnostic tests /
_cBonita Morrow Cavanaugh.
250 _a3rd ed.
260 _aPhiladelphia :
_bF.A. Davis Company,
_c1999
300 _axiv, 1051 p. ;
_c25 cm.
521 _aNUR
650 _aDiagnosis, Laboratory
_xHandbooks, manuals, etc.
650 _aNursing
_xHandbooks, manuals, etc.
942 _cBK
_2lcc
_kFOR
999 _c21291
_d21291